000 00295nam a2200121Ia 4500
008 240719s9999 xx 000 0 und d
041 _aeng
082 _a920 GHO
100 _aGhose, Sagarika
245 _aAtal Bihari Vajpayee
260 _aNew Delhi
_bJuggernaut
_c2021
300 _a414 P.; 24 Cm
999 _c41163
_d41163